000
00164nam a22000857a 4500
082
_a
823
100
_a
SHILPI AND DEEPTHI
245
_a
7 IN 1 MORAL STORIES
942
_c
BK
999
_c
8274
_d
8274